Schiffe der Kriegsmarine - Statistiken

Allgemein
  • Dieses Quiz wurde 243 mal gespielt
  • Das Durchschnittsergebnis liegt bei 8 aus 20
Antwortstatistiken
Group Baujahr Antwort % Korrekt
Schlachtschiff 1939 Bismarck
97%
Schlachtschiff 1939 Tirpitz
78%
Schlachtschiff 1936 Scharnhorst
63%
Schwerer Kreuzer 1938 Prinz Eugen
59%
Schlachtschiff 1936 Gneisenau
58%
Schwerer Kreuzer 1934 Admiral Graf Spee
54%
Schwerer Kreuzer 1931 Deutschland/Lützow
44%
Schwerer Kreuzer 1937 Admiral Hipper
43%
Schwerer Kreuzer 1937 Blücher
31%
Linienschiff 1906 Schleswig-Holstein
29%
Schwerer Kreuzer 1933 Admiral Scheer
26%
Leichter Kreuzer 1925 Emden
26%
Leichter Kreuzer 1934 Nürnberg
26%
Leichter Kreuzer 1928 Köln
25%
Leichter Kreuzer 1928 Königsberg
24%
Leichter Kreuzer 1931 Leipzig
22%
Leichter Kreuzer 1927 Karlsruhe
20%
Linienschiff 1905 Hannover
13%
Linienschiff 1906 Schlesien
13%
Leichter Kreuzer 1899, Teil der Kriegsmarine ab 1943 Niobe
4%
Keine übereinstimmenden Quizze gefunden
Verteilung der Resultate
Anzahl Personen mit jedem Resultat
Perzentil nach korrekt beantworteten Fragen
Ihre Resultats-Entwicklung
Sie haben dieses Quiz noch nicht gespielt